Журналы исходящих бумаг за 1808 год

Доступно только в Электронных читальных залах Найти на картеНа карте
RUSMARC
00003935nmc2a22002653x 450
001cc8f8a40-006a-423c-a2a7-8f392516295e
00520211117124714.0
100##$a20210720l18081808k l0rusy0189 ca
1010#$arus
102##$aRU
105##$ay###
1222#$ad
2001#$aЖурналы исходящих бумаг за 1808 год
$j1 января - 24 ноября 1808 г.
$h[Часть 1]
215##$a132 л.
$d32,5х20,5 см
251##$cДело
300##$aРегистрационно-справочный аппарат комиссии
300##$aВ инвентарной описи также указана часть 11 под делопроизводственным номером
300##$aКопия с оригинала
371##$aДокумент не является опубликованным и широко распространяемым
461#0$1001eedaa675-0877-4536-8c3c-f9d4e3f25fe5
$12001
$aКомиссия составления законов при Государственном совете
$1251
$cФонд
$1852
$j1260
462#0$10017b257f6b-15f4-45b4-9269-1c15dadeccee
$12001
$a1804-1826 гг.
$1251
$cОпись
$1852
$j1
801#0$aRU
$bРГИА
$c20210720
$gRCR
801#1$aRU
$bГлавНИВЦ
$c20210720
$2rusmarc
801#2$aRU
$bПБ им. Б.Н. Ельцина
$c20211117
$gRCR
$2rusmarc
850##$aРГИА
852##$aРГИА
$eФедеральное казенное учреждение "Российский государственный исторический архив" (РГИА)
$j923
$lкопия с оригинала
937##$hРГИА
$d12372930
$aASBIBLIO_SCAN
035##$aRusGRCC00031994
856##$uhttp://readingroom.main.prlib.ru/item.aspx?id_node=n170572657&mode=full
Формат отображения